|
|
|
|
| LEADER |
01025cam a2200265 a 4500 |
| 003 |
OSt |
| 008 |
080716s2009 caua b 001 0 eng |
| 010 |
|
|
|a 2008933314
|
| 020 |
|
|
|a 9788132105688
|
| 082 |
0 |
0 |
|a 300.72 FLI/I
|2 22
|
| 100 |
1 |
|
|a Flick, Uwe,
|
| 240 |
1 |
0 |
|a Qualitative Forschung.
|l English
|
| 245 |
1 |
3 |
|a An introduction to qualitative research /
|c Uwe Flick.
|
| 250 |
|
|
|a 4th ed.
|
| 260 |
|
|
|a Los Angeles ;
|b Sage Publications,
|c c2009.
|
| 300 |
|
|
|a xx, 504 p. :
|b ill. ;
|c 24 cm.
|
| 504 |
|
|
|a Includes bibliographical references (p. [476]-491 and indexes.
|
| 650 |
|
0 |
|a Psychology
|x Qualitative research.
|
| 650 |
|
0 |
|a Qualitative research.
|
| 650 |
|
0 |
|a Social sciences
|x Methodology.
|
| 906 |
|
|
|a 7
|b cbc
|c origcop
|d 2
|e epcn
|f 20
|g y-gencatlg
|
| 942 |
|
|
|2 ddc
|c BK
|
| 955 |
|
|
|b xh04 2009-07-30 z-processor to US GEN
|i xj07 2010-05-28 to Dewey
|
| 999 |
|
|
|c 178123
|d 178123
|
| 952 |
|
|
|0 0
|1 0
|4 0
|6 300_720000000000000
|7 0
|9 197417
|a WMS
|b WMS
|c GEN
|d 2016-01-14
|g 575.00
|i 1125
|l 2
|m 2
|o 300.72
|p WMS1125
|r 2019-06-26
|s 2018-08-31
|w 2018-08-31
|y BK
|